[Event "HCL-A007"]
[Site "www.playchess.de"]
[Date "2000.07.20"]
[Round "3"]
[White "lubos"]
[Black "Radost"]
[WhiteElo "1900"]
[BlackElo "1700"]
[PlyCount "77"]
[Result "1-0"]

1.e4 e6 2.d4 d5 3.exd5 exd5 4.Nf3 Bg4 5.Be2 Bd6 
6.O-O Nf6 7.h3 Bxf3 8.Bxf3 O-O 9.Bg5 c6 10.Re1 
Nbd7 11.Bg4 Qc7 12.Bf5 Rfe8 13.Nd2 Rxe1+ 14.Qxe1 
Re8 15.Qf1 h6 16.Be3 Nh5 17.Re1 Ndf6 18.Nf3 Ne4 
19.Bxe4 dxe4 20.Nd2 f5 21.Qe2 Nf6 22.Nc4 f4 23.Bd2 
b5 24.Nxd6 Qxd6 25.c3 g5 26.c4 b4 27.Rd1 a5 28.Bc1 
Qd7 29.b3 Qf5 30.Bb2 f3 31.Qe3 Kf7 32.d5 Ng4 
33.Qa7+ Re7 34.Qd4 Ne5 35.g4 Nxg4 36.Qg7+ Ke8 
37.Qg8+ Kd7 38.dxc6+ Kc7 39.Qd8+ 1-0

[Event "HCL-A007"]
[Site "www.playchess.de"]
[Date "2000.07.20"]
[Round "6"]
[White "Radost"]
[Black "nike_boy77042"]
[WhiteElo "1700"]
[BlackElo "1700"]
[PlyCount "51"]
[Result "1-0"]

1.c4 e6 2.Nc3 d5 3.cxd5 exd5 4.d4 Nf6 5.Bg5 Be7 
6.Nf3 O-O 7.e3 Nbd7 8.Bd3 c6 9.Qc2 h6 10.Bh4 Nb6 
11.O-O Be6 12.h3 Nfd7 13.Bg3 Rc8 14.Qe2 c5 15.Rac1 
Re8 16.Ne5 Nxe5 17.Bxe5 cxd4 18.exd4 a6 19.f4 f6 
20.Bc7 Qxc7 21.Qxe6+ Kh8 22.Qf5 g6 23.Qxg6 Bf8 
24.Nxd5 Qd7 25.Nxf6 Qxd4+ 26.Kh1 1-0

[Event "HCL-A008"]
[Site "www.playchess.de"]
[Date "2000.07.20"]
[Round "1"]
[White "lubos"]
[Black "nike_boy77042"]
[WhiteElo "1900"]
[BlackElo "1700"]
[PlyCount "53"]
[Result "1-0"]

1.e4 c5 2.Nf3 d6 3.d4 cxd4 4.Nxd4 Nf6 5.Bd3 Nc6 
6.Nxc6 bxc6 7.c4 g6 8.Nc3 Bg7 9.O-O O-O 10.h3 e5 
11.Be3 d5 12.cxd5 cxd5 13.Bc5 Re8 14.exd5 Nxd5 
15.Be4 Nxc3 16.bxc3 Rb8 17.Bxa7 Rb2 18.a4 Qa5 
19.Qc1 Rb3 20.Be3 Rxc3 21.Qb2 Rc4 22.f3 Rxa4 
23.Bc6 Rxa1 24.Rxa1 Qd8 25.Bxe8 Qxe8 26.Ra8 Qc6 
27.Qb8 1-0

[Event "HCL-B006"]
[Site "www.playchess.de"]
[Date "2000.07.20"]
[Round "9"]
[White "deckard"]
[Black "Aussie_3340"]
[WhiteElo "1500"]
[BlackElo "1200"]
[PlyCount "46"]
[Result "0-1"]

1.d4 Nf6 2.c4 c5 3.d5 b5 4.Bg5 Ne4 5.h4 bxc4 6.Nf3 
Qb6 7.Nc3 Nxg5 8.Nxg5 Qxb2 9.Rc1 g6 10.Rc2 Qb4 
11.d6 e6 12.e4 Bg7 13.Qf3 f6 14.e5 Bb7 15.Qf4 fxg5 
16.Qxg5 Nc6 17.f4 O-O 18.h5 Nd4 19.Rc1 Rf5 20.Qg4 
Qb2 21.Kd1 Bh6 22.hxg6 Bxf4 23.gxh7+ 
Kh8 0-1

[Event "HCL-B011"]
[Site "www.playchess.de"]
[Date "2000.07.20"]
[Round "2"]
[White "mhansen"]
[Black "JFoley"]
[WhiteElo "1500"]
[BlackElo "1200"]
[PlyCount "27"]
[Result "1-0"]

1.e4 e5 2.Nf3 d6 3.Be2 Nf6 4.Nc3 Be7 5.O-O O-O 
6.d4 Bg4 7.Bg5 exd4 8.Nxd4 Bxe2 9.Qxe2 Qd7 10.Nf5 
g6 11.Nxe7+ Qxe7 12.Nd5 Qe6 13.Bxf6 c6 
14.Ne7+ 1-0

[Event "HCL-C002"]
[Site "www.playchess.de"]
[Date "2000.07.20"]
[Round "12"]
[White "JensAnd"]
[Black "bibe"]
[WhiteElo "1000"]
[BlackElo "1000"]
[PlyCount "34"]
[Result "1-0"]

1.e4 Nf6 2.e5 Ne4 3.d3 Nc5 4.Nc3 d5 5.exd6 e.p 
6.Qxd6 Nf3 7.Qe6+ Be3 8.Nc6 Be2 9.b6 Nb5 10.a6 
Nxc7+ 11.Kd8 Nxe6+ 12.fxe6 Bxc5 13.bxc5 d4 14.c4 
d5 15.exd5 Qxd5+ 16.Bd7 O-O-O 17.g6 
Qxd7+ 1-0

[Event "HCL-C013"]
[Site "www.playchess.de"]
[Date "2000.07.20"]
[Round "6"]
[White "wa4zwc"]
[Black "Mathemagician"]
[WhiteElo "1000"]
[BlackElo "1001"]
[PlyCount "46"]
[Result "0-1"]

1.e4 c5 2.Bc4 Nc6 3.Qf3 Ne5 4.Qb3 Nxc4 5.Qxc4 b6 
6.Nf3 Bb7 7.O-O e6 8.d4 Bxe4 9.Nbd2 Bxf3 10.Nxf3 
cxd4 11.Qxd4 Nf6 12.Bg5 Be7 13.Bxf6 Bxf6 14.Qb4 
Rc8 15.Rac1 Qe7 16.Qxe7+ Kxe7 17.b4 Bc3 18.b5 Bb2 
19.Rcd1 Rxc2 20.Rd3 Rhc8 21.Rfd1 d5 22.h3 Bf6 
23.a4 Ra2 0-1

[Event "HCL-A003"]
[Site "www.playchess.de"]
[Date "2000.07.21"]
[Round "1"]
[White "lubos"]
[Black "nike_boy77042"]
[WhiteElo "1900"]
[BlackElo "1700"]
[PlyCount "57"]
[Result "1/2-1/2"]

1.e4 c5 2.Nf3 Nc6 3.d4 cxd4 4.Nxd4 d6 5.Nxc6 bxc6 
6.c4 Nf6 7.Bd3 g6 8.Nc3 Bg7 9.O-O O-O 10.h3 e6 
11.Bg5 Qb6 12.Qd2 Bb7 13.Qf4 e5 14.Qh4 Qxb2 15.Ne2 
Qa3 16.Rfd1 Nd7 17.Rab1 Nc5 18.Bc2 Qxa2 19.Rd2 
Qxc4 20.Be7 Rfe8 21.Bxd6 Red8 22.Rbd1 Rxd6 
23.R2xd6 Qxc2 24.R6d8+ Bf8 25.Ng3 Rxd8 26.Rxd8 Qb3 
27.Rxf8+ Kxf8 28.Qd8+ Kg7 29.Nf5+ 1/2-1/2

[Event "HCL-A005"]
[Site "www.playchess.de"]
[Date "2000.07.21"]
[Round "2"]
[White "Catalina"]
[Black "Maat"]
[WhiteElo "1700"]
[BlackElo "1900"]
[PlyCount "60"]
[Result "1/2-1/2"]

1.e4 c6 2.d4 d5 3.Nc3 dxe4 4.Nxe4 Nd7 5.Ng5 Ngf6 
6.Bd3 e6 7.N1f3 Bd6 8.Qe2 h6 9.Ne4 Nxe4 10.Qxe4 
Nf6 11.Qe2 Qc7 12.Bd2 b6 13.O-O-O Bb7 14.Ne5 c5 
15.Bb5+ Kf8 16.Bf4 Kg8 17.dxc5 Qxc5 18.Rxd6 Qxd6 
19.Ng6 Qc5 20.Be3 Qb4 21.Nxh8 Kxh8 22.f3 a6 23.Bd3 
b5 24.Kb1 Nd5 25.Bd2 Qd6 26.Qe1 Nf4 27.Qg3 e5 
28.Bxf4 exf4 29.Qg4 Bd5 30.Re1 
Rd8 1/2-1/2

[Event "HCL-A008"]
[Site "www.playchess.de"]
[Date "2000.07.21"]
[Round "4"]
[White "lubos"]
[Black "Radost"]
[WhiteElo "1900"]
[BlackElo "1700"]
[PlyCount "60"]
[Result "0-1"]

1.e4 d5 2.exd5 Qxd5 3.Nf3 Bg4 4.Be2 Nf6 5.Nc3 Qa5 
6.O-O Nbd7 7.h3 Bh5 8.d3 e6 9.Be3 Bb4 10.Qd2 O-O 
11.a3 Bxc3 12.bxc3 c6 13.g4 Bg6 14.Nd4 Qc7 15.f4 
Rfe8 16.Nf3 Nd5 17.c4 Nxe3 18.Qxe3 f6 19.Nd2 Qb6 
20.Qxb6 Nxb6 21.a4 Nd7 22.Rab1 Nc5 23.a5 Rad8 
24.Bf3 Nxd3 25.Rxb7 Nc5 26.Rxa7 Rxd2 27.Bxc6 Rb8 
28.f5 Be8 29.Rc7 Na6 30.Ra7 Bxc6 0-1

[Event "HCL-A008"]
[Site "www.playchess.de"]
[Date "2000.07.21"]
[Round "5"]
[White "Radost"]
[Black "nike_boy77042"]
[WhiteElo "1700"]
[BlackElo "1700"]
[PlyCount "45"]
[Result "1-0"]

1.e4 c5 2.Nc3 d6 3.f4 Nc6 4.Nf3 Bg4 5.Bb5 e6 6.O-O 
Qb6 7.h3 Bxf3 8.Qxf3 O-O-O 9.Bxc6 Qxc6 10.Ne2 Nf6 
11.d3 Be7 12.c3 h5 13.Be3 e5 14.c4 Rdg8 15.fxe5 
dxe5 16.Qf5+ Qd7 17.Qxe5 Qxd3 18.Bf4 Bd6 19.Qxd6 
Qxd6 20.Bxd6 Nxe4 21.Rad1 Rgd8 22.Be7 Rde8 
23.Rxf7 1-0

[Event "HCL-B011"]
[Site "www.playchess.de"]
[Date "2000.07.21"]
[Round "3"]
[White "Felix"]
[Black "mhansen"]
[WhiteElo "1200"]
[BlackElo "1500"]
[PlyCount "41"]
[Result "1/2-1/2"]

1.d4 d5 2.c4 dxc4 3.Nf3 Nf6 4.e3 b5 5.a4 c6 6.axb5 
cxb5 7.b3 Be6 8.bxc4 Bxc4 9.Bxc4 bxc4 10.Qa4+ Nbd7 
11.Nc3 e6 12.Ne5 a5 13.Nb5 Bb4+ 14.Bd2 Bxd2+ 
15.Kxd2 Nxe5 16.Nc7+ Ke7 17.Nxa8 Ne4+ 18.Kc2 Qxa8 
19.dxe5 Nxf2 20.Qa3+ Kd7 21.Qa4+ 1/2-1/2

[Event "HCL-C002"]
[Site "www.playchess.de"]
[Date "2000.07.21"]
[Round "11"]
[White "Mother_Teresa"]
[Black "JensAnd"]
[WhiteElo "1000"]
[BlackElo "1000"]
[PlyCount "155"]
[Result "1-0"]

1.e4 c5 2.c4 d6 3.Nf3 g6 4.Nc3 Nc6 5.d4 Bg7 6.dxc5 
Bxc3+ 7.bxc3 dxc5 8.Qxd8+ Kxd8 9.e5 f6 10.exf6 
exf6 11.Be3 b6 12.Bd3 Nge7 13.O-O Bf5 14.Rad1 Bxd3 
15.Rxd3+ Kc7 16.Rfd1 Rad8 17.Bf4+ Kb7 18.Kf1 Rxd3 
19.Rxd3 Rd8 20.Rxd8 Nxd8 21.Bd6 Ndc6 22.Ke2 Kc8 
23.g4 Kd7 24.Bg3 Nc8 25.h4 Nd6 26.Kd3 Na5 27.Bxd6 
Kxd6 28.Nd2 Ke5 29.Ke3 f5 30.Nf3+ Kf6 31.g5+ Ke6 
32.Nd2 Nb7 33.f4 Nd6 34.Kf3 b5 35.cxb5 Nxb5 36.c4 
Nd4+ 37.Ke3 Nc2+ 38.Kf2 Na3 39.h5 a5 40.Nb3 Nxc4 
41.Nxc5+ Kd5 42.Nd7 Ke6 43.Nf8+ Kf7 44.Nxh7 Nd6 
45.hxg6+ Kxg6 46.Nf8+ Kh5 47.Ne6 Kg4 48.g6 Kh5 
49.g7 Ne4+ 50.Ke3 Nf6 51.Kd4 Kg6 52.Ke5 Ng4+ 
53.Kd4 Nf6 54.Ke5 Ng4+ 55.Kd6 Kf7 56.Kc6 Nf6 
57.Nd4 Kxg7 58.Nxf5+ Kg6 59.Ne7+ Kf7 60.Nd5 Ke6 
61.Nxf6 Kxf6 62.Kb5 a4 63.Kxa4 Kf5 64.Kb5 Kxf4 
65.a4 Ke5 66.Kc6 Ke6 67.a5 Ke7 68.Kc7 Ke6 69.a6 
Ke7 70.a7 Ke6 71.a8Q Ke5 72.Qc6 Kd4 73.Kd6 Ke3 
74.Ke5 Kd3 75.Qc5 Kd2 76.Ke4 Kd1 77.Ke3 Ke1 
78.Qc1+ 1-0

[Event "HCL-C013"]
[Site "www.playchess.de"]
[Date "2000.07.21"]
[Round "3"]
[White "ASchepler"]
[Black "wa4zwc"]
[WhiteElo "1100"]
[BlackElo "1000"]
[PlyCount "39"]
[Result "1-0"]

1.e4 e5 2.Nf3 Nf6 3.Nxe5 Nxe4 4.Qe2 d5 5.d3 Ng5 
6.Nc6+ Be7 7.Nxd8 Kxd8 8.Bxg5 Bxg5 9.Qf3 Re8+ 
10.Be2 Bf6 11.Nc3 Bxc3+ 12.bxc3 f6 13.O-O Bd7 
14.Rae1 c6 15.c4 d4 16.Bd1 Rxe1 17.Rxe1 Na6 18.Qh5 
Kc7 19.Re7 g6 20.Qxh7 1-0

[Event "HCL-C015"]
[Site "www.playchess.de"]
[Date "2000.07.21"]
[Round "2"]
[White "Jeff_Foster"]
[Black "Mal"]
[WhiteElo "1401"]
[BlackElo "1000"]
[PlyCount "31"]
[Result "1-0"]

1.e4 Nf6 2.Nc3 e6 3.d4 d6 4.Bd3 e5 5.Nf3 Nc6 6.Be3 
d5 7.dxe5 Ng4 8.exd5 Ncxe5 9.Nxe5 Nxe5 10.Bb5+ Bd7 
11.Qd4 Qf6 12.O-O-O Ng4 13.Bxd7+ Kxd7 14.Qxg4+ Ke8 
15.Bg5 Qd6 16.Qa4+ 1-0

[Event "HCL-B002"]
[Site "www.playchess.de"]
[Date "2000.07.22"]
[Round "4"]
[White "SSC"]
[Black "Ulf"]
[WhiteElo "1500"]
[BlackElo "1500"]
[PlyCount "85"]
[Result "1/2-1/2"]

1.e4 e5 2.Nf3 Nf6 3.Nc3 Nc6 4.Bb5 a6 5.Bxc6 dxc6 
6.Nxe5 Qd4 7.Nf3 Qd8 8.O-O Be7 9.d3 O-O 10.h3 Re8 
11.Be3 c5 12.Nd2 b6 13.f4 Bb7 14.Qe2 a5 15.a4 c6 
16.g4 Qc7 17.g5 Nd7 18.Qg4 Rad8 19.Nf3 c4 20.d4 b5 
21.axb5 cxb5 22.Nxb5 Qb6 23.Nc3 Qxb2 24.Ra2 Qb6 
25.Rb1 Bb4 26.f5 Qc7 27.Rab2 Ba8 28.R2xb4 axb4 
29.Rxb4 Qa5 30.Rxc4 Nb6 31.Rc5 Qa1+ 32.Kf2 Na4 
33.Nxa4 Rxe4 34.Qg3 Qxa4 35.Qc7 Rf8 36.Ra5 Qb4 
37.f6 Rxe3 38.Kxe3 Bxf3 39.Kxf3 Qxd4 40.Qe5 Qd1+ 
41.Qe2 Qd7 42.Kg2 Qc6+ 43.Qf3 1/2-1/2

[Event "HCL-B004"]
[Site "www.playchess.de"]
[Date "2000.07.22"]
[Round "9"]
[White "Polo"]
[Black "Werner"]
[WhiteElo "1500"]
[BlackElo "1200"]
[PlyCount "58"]
[Result "0-1"]

1.e4 Nf6 2.e5 Nd5 3.d4 d6 4.exd6 Qxd6 5.Nf3 Bf5 
6.c3 Nc6 7.a3 O-O-O 8.Bd3 Qe6+ 9.Be2 Bxb1 10.Rxb1 
Qg6 11.Bd2 Qxg2 12.Rg1 Qh3 13.Rg3 Qd7 14.c4 Nf6 
15.Be3 e6 16.b4 Ne4 17.Rg2 Nc3 18.Qc2 Nxb1 19.Qxb1 
f6 20.c5 Ne7 21.Bd3 g6 22.Ke2 Nd5 23.Qc1 c6 24.Qd2 
Bg7 25.Rg1 Rhe8 26.Rb1 e5 27.dxe5 fxe5 28.Be4 Qg4 
29.Qc2 Qxe4 0-1

[Event "HCL-C011"]
[Site "www.playchess.de"]
[Date "2000.07.22"]
[Round "7"]
[White "burrango"]
[Black "lzfernandes"]
[WhiteElo "1000"]
[BlackElo "1000"]
[PlyCount "48"]
[Result "1-0"]

1.e4 Nf6 2.e5 Nd5 3.c4 Nf4 4.d4 g5 5.Bxf4 gxf4 
6.Nf3 e6 7.Nc3 d6 8.Bd3 Nc6 9.Be4 f5 10.exf6 e.p 
11.Qxf6 O-O 12.Bh6 d5 13.Nd8 Qc2 14.c6 Bxh7 15.Qf7 
Bg6 16.e5 Bxf7+ 17.Nxf7 Rfe1 18.c5 Qg6 19.b6 Nxe5 
20.Bf5 Qxf7+ 21.Kd8 Nc6+ 22.Kc8 Qxf5+ 23.Kb7 Qd7+ 
24.Ka6 b4 1-0

[Event "HCL-C012"]
[Site "www.playchess.de"]
[Date "2000.07.22"]
[Round "1"]
[White "chessrookie"]
[Black "jakdanl202"]
[WhiteElo "1000"]
[BlackElo "1000"]
[PlyCount "29"]
[Result "1-0"]

1.e4 e5 2.Nf3 Nc6 3.d4 Nf6 4.d5 Nb4 5.c3 Nxe4 
6.cxb4 Bxb4+ 7.Bd2 Bc5 8.Be3 Bb4+ 9.Nbd2 d6 
10.Qa4+ Bd7 11.Qxb4 f5 12.Nxe4 fxe4 13.Ng5 a5 
14.Qxe4 O-O 15.Qxh7+ 1-0

[Event "ACL-A007"]
[Site "www.playchess.de"]
[Date "2000.07.22"]
[Round "3"]
[White "Mathemagician"]
[Black "paard"]
[WhiteElo "1500"]
[BlackElo "1500"]
[PlyCount "35"]
[Result "1/2-1/2"]

1.e4 c5 2.Nf3 d6 3.d4 cxd4 4.Nxd4 Nf6 5.Nc3 Nc6 
6.Bb5 Bd7 7.O-O e6 8.Be3 Be7 9.f4 O-O 10.Qd3 Ng4 
11.Nxc6 bxc6 12.Bc4 d5 13.Bb3 Nxe3 14.Qxe3 Qb6 
15.Qxb6 axb6 16.Rad1 Bc5+ 17.Kh1 Bc8 
18.Rfe1 1/2-1/2

[Event "HCL-B015"]
[Site "www.playchess.de"]
[Date "2000.07.23"]
[Round "5"]
[White "Eaglewingz"]
[Black "Louie53"]
[WhiteElo "1200"]
[BlackElo "1200"]
[PlyCount "25"]
[Result "1-0"]

1.e4 c5 2.Nf3 d6 3.d4 cxd4 4.Nxd4 Nf6 5.f3 e5 
6.Nb3 d5 7.Bg5 Be6 8.Bxf6 gxf6 9.exd5 Qxd5 10.Qxd5 
Bxd5 11.Nc3 Bb4 12.O-O-O Bxb3 13.axb3 1-0

[Event "HCL-C008"]
[Site "www.playchess.de"]
[Date "2000.07.23"]
[Round "21"]
[White "Filk"]
[Black "wuliao"]
[WhiteElo "800"]
[BlackElo "1000"]
[PlyCount "25"]
[Result "1-0"]

1.e4 Nc6 2.Nf3 e5 3.Bc4 Nf6 4.Ng5 Qe7 5.Bxf7+ Kd8 
6.Bc4 h6 7.Nf7+ Ke8 8.Nxh8 Nxe4 9.Qh5+ Kd8 10.Nf7+ 
Ke8 11.Nxh6+ Kd8 12.Nf7+ Ke8 13.Ng5+ 1-0

[Event "HCL-C009"]
[Site "www.playchess.de"]
[Date "2000.07.23"]
[Round "9"]
[White "jakdanl202"]
[Black "Kiepski"]
[WhiteElo "1000"]
[BlackElo "1000"]
[PlyCount "60"]
[Result "0-1"]

1.e4 e5 2.Nc3 Nf6 3.Nf3 Nc6 4.g3 Bc5 5.Nd5 Nxe4 
6.d4 Nxd4 7.Bg5 Nxf3+ 8.Qxf3 Nxg5 9.Qc3 d6 
10.O-O-O Be6 11.Bg2 Bxd5 12.Bxd5 c6 13.f4 cxd5 
14.Rxd5 Ne4 15.Qb3 Nf6 16.Qxb7 Nxd5 17.Qxd5 O-O 
18.Rf1 exf4 19.a3 fxg3 20.hxg3 Rb8 21.b4 Be3+ 
22.Kd1 Qg5 23.Qxd6 Rbd8 24.Qd3 Rxd3+ 25.cxd3 Rc8 
26.Ke2 Rc2+ 27.Kd1 Rc1+ 28.Ke2 Rxf1 29.Kxf1 Qxg3 
30.Ke2 Qf2+ 0-1

[Event "HCL-C003"]
[Site "www.playchess.de"]
[Date "2000.07.24"]
[Round "36"]
[White "Smiler"]
[Black "Jeff_Foster"]
[WhiteElo "1000"]
[BlackElo "1000"]
[PlyCount "38"]
[Result "0-1"]

1.e4 e5 2.Nc3 Nc6 3.Nf3 Nf6 4.d4 exd4 5.Nxd4 Bb4 
6.Nf5 O-O 7.e5 Nxe5 8.Qd4 Re8 9.Qxb4 Nd3+ 10.Kd1 
Nxb4 11.Bc4 d5 12.Be2 Bxf5 13.Nb5 Bxc2+ 14.Ke1 Qe7 
15.Be3 Ba4 16.Rc1 Nc2+ 17.Rxc2 Bxc2 18.Nd4 Qb4+ 
19.Kf1 Qxb2 0-1

[Event "HCL-C004"]
[Site "www.playchess.de"]
[Date "2000.07.24"]
[Round "2"]
[White "kennyn"]
[Black "Molli_Jaschin"]
[WhiteElo "1100"]
[BlackElo "1000"]
[PlyCount "34"]
[Result "1/2-1/2"]

1.e4 e5 2.Nf3 Nc6 3.Bb5 Nf6 4.d3 Be7 5.O-O d6 
6.Be3 O-O 7.Re1 Bd7 8.Nc3 a6 9.Ba4 b5 10.Bb3 Na5 
11.Bd5 c6 12.Bb3 Nxb3 13.axb3 Ng4 14.Bd2 Qb6 
15.Be3 Nxe3 16.Rxe3 b4 17.Ne2 f5 1/2-1/2

[Event "HCL-C008"]
[Site "www.playchess.de"]
[Date "2000.07.24"]
[Round "13"]
[White "Queen"]
[Black "Filk"]
[WhiteElo "1000"]
[BlackElo "800"]
[PlyCount "40"]
[Result "0-1"]

1.e4 e5 2.Nf3 Nc6 3.Bb5 d6 4.O-O g5 5.Nc3 g4 
6.Bxc6+ bxc6 7.Ne1 h5 8.d3 Bg7 9.f3 Qh4 10.g3 Qh3 
11.Rf2 h4 12.gxh4 Bf6 13.fxg4 Bxg4 14.Rf3 Qxh4 
15.Ng2 Qxh2+ 16.Kf2 Bh4+ 17.Ke3 Qxg2 18.Qf1 Bg5+ 
19.Rf4 Rh3+ 20.Qf3 Bxf4+ 0-1

[Event "HCL-C011"]
[Site "www.playchess.de"]
[Date "2000.07.24"]
[Round "3"]
[White "ve7wln"]
[Black "Mathemagician"]
[WhiteElo "1000"]
[BlackElo "1001"]
[PlyCount "36"]
[Result "1/2-1/2"]

1.d4 Nf6 2.c4 c5 3.d5 b5 4.cxb5 a6 5.b6 Qxb6 6.Nc3 
Bb7 7.e4 g6 8.Bc4 Bg7 9.Nf3 O-O 10.O-O e6 11.Rb1 
Nxd5 12.Nxd5 exd5 13.Bxd5 Bxd5 14.Qxd5 Rd8 15.b3 
Qc6 16.Rd1 Re8 17.Ng5 Qxd5 18.Rxd5 
h6 1/2-1/2

[Event "ACL-A002"]
[Site "www.playchess.de"]
[Date "2000.07.24"]
[Round "8"]
[White "Penroyal"]
[Black "JudgeMeek"]
[WhiteElo "1500"]
[BlackElo "1500"]
[PlyCount "26"]
[Result "0-1"]

1.d4 Nf6 2.Nf3 g6 3.Bf4 Bg7 4.Nbd2 c5 5.c3 cxd4 
6.cxd4 d5 7.e3 O-O 8.Rc1 Nc6 9.Bb5 Bd7 10.O-O Qb6 
11.Qb3 Na5 12.Bc7 Nxb3 13.Bxb6 
Nxc1 0-1

[Event "HCL-A008"]
[Site "www.playchess.de"]
[Date "2000.07.25"]
[Round "16"]
[White "Kleofas"]
[Black "lubos"]
[WhiteElo "1700"]
[BlackElo "1900"]
[PlyCount "61"]
[Result "1-0"]

1.e4 e5 2.Nf3 Nc6 3.Bc4 Bc5 4.c3 Nf6 5.d4 exd4 
6.cxd4 Bb4+ 7.Bd2 Bxd2+ 8.Nbxd2 d5 9.exd5 Nxd5 
10.Qb3 Nce7 11.O-O O-O 12.Rfe1 c6 13.a4 Rb8 14.Ne5 
Be6 15.Ne4 Qb6 16.Nc5 Rfd8 17.Nxe6 Qxb3 18.Bxb3 
fxe6 19.Nf3 Kf7 20.Ng5+ Kf6 21.Nxe6 Rd6 22.Nc5 Kf7 
23.Rad1 b5 24.a5 Nf5 25.Re5 g6 26.Ne4 Rd7 27.g4 
Nh4 28.Rd3 h6 29.f4 Kg7 30.Nc5 Nxf4 
31.Nxd7 1-0

[Event "HCL-B019"]
[Site "www.playchess.de"]
[Date "2000.07.25"]
[Round "1"]
[White "Nils"]
[Black "maze"]
[WhiteElo "1500"]
[BlackElo "1900"]
[PlyCount "29"]
[Result "1-0"]

1.e4 e5 2.Nf3 f5 3.Nxe5 Qf6 4.d4 d6 5.Nc4 fxe4 
6.Nc3 Qg6 7.f3 Nf6 8.fxe4 Be7 9.e5 Ng4 10.Bd3 Qh5 
11.Nd5 Bd8 12.Qf3 dxe5 13.Nxe5 Rf8 14.Bf4 g5 
15.Qe2 1-0

[Event "HCL-C007"]
[Site "www.playchess.de"]
[Date "2000.07.25"]
[Round "2"]
[White "wuliao"]
[Black "amaclickclick"]
[WhiteElo "1000"]
[BlackElo "1000"]
[PlyCount "51"]
[Result "1-0"]

1.Nf3 Nc6 2.Nc3 d6 3.e3 e5 4.Bd3 f5 5.e4 f4 6.O-O 
Nf6 7.b3 Be6 8.Ba3 Qd7 9.b4 O-O-O 10.b5 Nd4 
11.Nxd4 exd4 12.Nd5 Nxd5 13.exd5 Bxd5 14.c4 Be6 
15.Re1 g6 16.Rc1 Re8 17.Qa4 Kd8 18.Qxa7 Qc8 
19.Qxd4 Bh6 20.c5 d5 21.Qf6+ Re7 22.c6 Rhe8 
23.cxb7 Qxb7 24.Rxe6 Bg7 25.Bxe7+ Rxe7 
26.Qxe7+ 1-0

[Event "HCL-C008"]
[Site "www.playchess.de"]
[Date "2000.07.25"]
[Round "31"]
[White "paule"]
[Black "Queen"]
[WhiteElo "1000"]
[BlackElo "1000"]
[PlyCount "33"]
[Result "1-0"]

1.e4 e6 2.d4 d5 3.Bd2 Nf6 4.e5 Ne4 5.Nc3 Ba3 
6.bxa3 Nxc3 7.Bxc3 O-O 8.Bd2 Nc6 9.c3 Qh4 10.Nf3 
Qe7 11.Bd3 Qxa3 12.Ng5 Nxd4 13.Bxh7+ Kh8 14.Qh5 
Nc2+ 15.Kd1 Nxa1 16.Bg6+ Kg8 17.Qh7+ 1-0

[Event "HCL-C008"]
[Site "www.playchess.de"]
[Date "2000.07.25"]
[Round "35"]
[White "paule"]
[Black "wuliao"]
[WhiteElo "1000"]
[BlackElo "1000"]
[PlyCount "35"]
[Result "1-0"]

1.e4 Nc6 2.d4 e6 3.f4 Be7 4.c3 Nh6 5.Nf3 O-O 6.Bd3 
f5 7.exf5 Nxf5 8.Qe2 Bh4+ 9.g3 Bxg3+ 10.hxg3 Nxg3 
11.Qg2 Nxh1 12.Qxh1 h6 13.Be3 d5 14.Nbd2 Qe7 
15.O-O-O a6 16.Rg1 Bd7 17.Qxh6 Qf6 
18.Qh5 1-0

[Event "HCL-A005"]
[Site "www.playchess.de"]
[Date "2000.07.26"]
[Round "1"]
[White "Maat"]
[Black "Scourge01"]
[WhiteElo "1900"]
[BlackElo "1700"]
[PlyCount "29"]
[Result "1-0"]

1.c4 g6 2.d4 Nf6 3.Nc3 d5 4.cxd5 Nxd5 5.e4 Nxc3 
6.bxc3 Bg7 7.Bc4 c5 8.Ne2 O-O 9.O-O Qc7 10.Bf4 e5 
11.dxe5 g5 12.Bxg5 Qxe5 13.Qd5 Nc6 14.Be3 Qc7 
15.Qxc5 1-0

[Event "HCL-B006"]
[Site "www.playchess.de"]
[Date "2000.07.26"]
[Round "8"]
[White "rrcn"]
[Black "deckard"]
[WhiteElo "1200"]
[BlackElo "1500"]
[PlyCount "43"]
[Result "1-0"]

1.e4 e5 2.f4 exf4 3.Nf3 d5 4.exd5 Bg4 5.d3 Bc5 
6.Bxf4 Qxd5 7.Be2 Nf6 8.h3 O-O 9.hxg4 Nxg4 10.d4 
Bb6 11.c3 Re8 12.Qc2 f5 13.Nbd2 c5 14.c4 Qe6 
15.Ne5 cxd4 16.Bxg4 g6 17.Bh3 Nc6 18.Ndf3 Rad8 
19.O-O-O Nb4 20.Qb3 Rdc8 21.Qxb4 Bc5 
22.Qb3 1-0

[Event "HCL-B007"]
[Site "www.playchess.de"]
[Date "2000.07.26"]
[Round "2"]
[White "Theos666"]
[Black "FrenchKnight"]
[WhiteElo "1200"]
[BlackElo "1300"]
[PlyCount "34"]
[Result "0-1"]

1.e4 e6 2.d4 d5 3.e5 c5 4.Nf3 cxd4 5.Nxd4 Bc5 
6.Bb5+ Bd7 7.O-O Ne7 8.Qd3 Bxd4 9.Qxd4 Bxb5 10.Rd1 
Nbc6 11.Qe3 Nf5 12.Qb3 Ba6 13.g4 Nfe7 14.f4 Be2 
15.Re1 Bxg4 16.Qg3 Bf5 17.Qxg7 
Rg8 0-1

[Event "HCL-C008"]
[Site "www.playchess.de"]
[Date "2000.07.26"]
[Round "11"]
[White "pablo"]
[Black "Filk"]
[WhiteElo "1000"]
[BlackElo "800"]
[PlyCount "52"]
[Result "0-1"]

1.d4 d5 2.c4 e6 3.Nf3 dxc4 4.e4 b5 5.b3 Bb7 6.e5 
Bb4+ 7.Bd2 Bxf3 8.Qxf3 Bxd2+ 9.Nxd2 Qxd4 10.Rd1 
Qxe5+ 11.Be2 c6 12.bxc4 b4 13.Ne4 Nf6 14.Nd6+ Kf8 
15.O-O g6 16.Rfe1 Kg7 17.h3 a5 18.Bf1 Qg5 19.Rd4 
Ra7 20.Rf4 Rd8 21.Rd1 Rad7 22.Rfd4 Qc5 23.Nb7 
R7xd4 24.Nxc5 R4xd1 25.Nb7 R8d2 26.Nxa5 
Re1 0-1

[Event "HCL-C008"]
[Site "www.playchess.de"]
[Date "2000.07.26"]
[Round "16"]
[White "wuliao"]
[Black "pablo"]
[WhiteElo "1000"]
[BlackElo "1000"]
[PlyCount "30"]
[Result "0-1"]

1.Nf3 g6 2.e3 Bg7 3.Bd3 Nf6 4.Nc3 O-O 5.b3 d5 
6.O-O Nc6 7.Ba3 Re8 8.Rb1 e5 9.Bb5 e4 10.Nd4 Bd7 
11.Bxc6 Bxc6 12.b4 Bd7 13.b5 Bg4 14.f3 exf3 15.g3 
f2+ 0-1

[Event "HCL-C008"]
[Site "www.playchess.de"]
[Date "2000.07.26"]
[Round "29"]
[White "paule"]
[Black "pablo"]
[WhiteElo "1000"]
[BlackElo "1000"]
[PlyCount "41"]
[Result "1-0"]

1.b4 d5 2.Bb2 e6 3.Nf3 Nf6 4.b5 c6 5.a4 Bd7 6.e3 
Be7 7.Be2 O-O 8.O-O a6 9.c4 dxc4 10.bxc6 Nxc6 
11.Bxc4 Rc8 12.d4 Na5 13.Bd3 Qb6 14.Ba3 Bxa3 
15.Nxa3 Nb3 16.Rb1 Bxa4 17.Bc4 Rxc4 18.Nxc4 Qc6 
19.Nfe5 Nxd4 20.Qxd4 b5 21.Nxc6 1-0

[Event "ACL-A002"]
[Site "www.playchess.de"]
[Date "2000.07.26"]
[Round "20"]
[White "FoXx"]
[Black "JudgeMeek"]
[WhiteElo "1500"]
[BlackElo "1500"]
[PlyCount "38"]
[Result "0-1"]

1.e4 e5 2.d4 exd4 3.Qxd4 Nc6 4.Qe3 Nf6 5.Nc3 Be7 
6.Nb5 d5 7.e5 Ng4 8.Qg3 Bh4 9.Qf4 Bxf2+ 10.Kd1 Bb6 
11.Be2 Nf2+ 12.Ke1 Nxh1 13.Bh5 g6 14.Bf3 Bxg1 
15.e6 O-O 16.Nxc7 fxe6 17.Qxf8+ Qxf8 18.Nxa8 Nd4 
19.Bd1 Qf2+ 0-1

[Event "HCL-A003"]
[Site "www.playchess.de"]
[Date "2000.07.27"]
[Round "33"]
[White "dwf"]
[Black "Kleofas"]
[WhiteElo "1700"]
[BlackElo "1700"]
[PlyCount "67"]
[Result "1/2-1/2"]

1.e4 c5 2.c3 d5 3.exd5 Qxd5 4.d4 Nf6 5.Be3 cxd4 
6.cxd4 Bg4 7.Nf3 Bxf3 8.gxf3 e6 9.Nc3 Qd8 10.a3 
Be7 11.Bd3 Nc6 12.Bc2 a6 13.Rg1 Rg8 14.Qd2 Qd7 
15.O-O-O O-O-O 16.Kb1 Kb8 17.Be4 h6 18.d5 exd5 
19.Nxd5 Nxe4 20.fxe4 Qe6 21.Qc2 Ne5 22.Nxe7 Rxd1+ 
23.Rxd1 Qxe7 24.Bc5 Qe6 25.Bd6+ Ka8 26.f4 Nc6 
27.f5 Qc8 28.e5 g6 29.fxg6 fxg6 30.Rf1 Qg4 31.Qb3 
Qe4+ 32.Ka1 Rd8 33.Rf7 Nd4 34.Qb6 1/2-1/2

[Event "HCL-B002"]
[Site "www.playchess.de"]
[Date "2000.07.27"]
[Round "17"]
[White "bird"]
[Black "FireRook"]
[WhiteElo "1500"]
[BlackElo "1200"]
[PlyCount "28"]
[Result "0-1"]

1.d4 Nf6 2.Nf3 d6 3.c4 g6 4.Nc3 Bg7 5.e4 O-O 6.Be2 
e5 7.dxe5 dxe5 8.Qxd8 Rxd8 9.O-O Nc6 10.Bg5 Re8 
11.a3 Be6 12.Nb5 Rac8 13.Nc3 Nd4 14.Nxe5 
Nxe4 0-1

[Event "HCL-B009"]
[Site "www.playchess.de"]
[Date "2000.07.27"]
[Round "17"]
[White "jabbaman"]
[Black "Webmann"]
[WhiteElo "1200"]
[BlackElo "1500"]
[PlyCount "80"]
[Result "0-1"]

1.e4 c5 2.f4 d6 3.Nf3 Nc6 4.Bb5 Bd7 5.O-O g6 6.Nc3 
Bg7 7.a3 e6 8.Rb1 Nge7 9.Kh1 O-O 10.Ne2 a6 11.Bxc6 
Bxc6 12.d3 Qc7 13.g4 f5 14.Ng5 Qd7 15.Ng3 h6 
16.gxf5 hxg5 17.fxg6 Nxg6 18.fxg5 Rxf1+ 19.Qxf1 
Rf8 20.Qh3 Qf7 21.Nh5 Qf1+ 22.Qxf1 Rxf1+ 23.Kg2 
Rd1 24.Nxg7 Kxg7 25.b4 e5 26.bxc5 dxc5 27.Ra1 Ba4 
28.Bb2 Rxa1 29.Bxa1 Bxc2 30.Kf3 Bxd3 31.Bc3 Bc2 
32.Be1 c4 33.h4 Nf4 34.Bc3 Bd1+ 35.Ke3 Nd3 36.Kd2 
Bh5 37.Ke3 Be8 38.Kf3 Kg6 39.Kg4 Bd7+ 40.Kg3 
Kh5 0-1

[Event "HCL-B016"]
[Site "www.playchess.de"]
[Date "2000.07.27"]
[Round "6"]
[White "nadavies_uk"]
[Black "Nulnulnix"]
[WhiteElo "1200"]
[BlackElo "1200"]
[PlyCount "45"]
[Result "1-0"]

1.e4 e5 2.f4 exf4 3.Nf3 Be7 4.Qe2 d6 5.h3 Bh4+ 
6.Nxh4 Qxh4+ 7.Kd1 Nc6 8.c3 a6 9.d4 Nge7 10.Nd2 
Be6 11.Nf3 Qg3 12.d5 Bxd5 13.exd5 Ne5 14.Nxe5 dxe5 
15.Qxe5 Rd8 16.Bxf4 Qg6 17.c4 Rd6 18.Qe1 Rd7 
19.Qe3 O-O 20.g4 b5 21.Bd3 Nxd5 22.cxd5 Rxd5 
23.Ke2 1-0